Introduction To Digital Communications Switching (Record no. 293249)

MARC details
000 -LEADER
fixed length control field 00506nam a2200193Ia 4500
008 - FIXED-LENGTH DATA ELEMENTS--GENERAL INFORMATION
fixed length control field 230718s9999 xx 000 0 und d
020 ## - INTERNATIONAL STANDARD BOOK NUMBER
International Standard Book Number 81-85614-66-0
041 ## - LANGUAGE CODE
Language code of text/sound track or separate title eng
082 ## - DEWEY DECIMAL CLASSIFICATION NUMBER
Classification number 621.38
Item number RON
100 ## - MAIN ENTRY--PERSONAL NAME
Personal name Ronayne J.
245 ## - TITLE STATEMENT
Title Introduction To Digital Communications Switching
250 ## - EDITION STATEMENT
Edition statement 2nd ed.
260 ## - PUBLICATION, DISTRIBUTION, ETC. (IMPRINT)
Date of publication, distribution, etc. 1989
Name of publisher, distributor, etc. Wheeler A H Publishing
300 ## - PHYSICAL DESCRIPTION
Extent 238
Accompanying material [OBSOLETE, CAN/MARC] Ref 75 E (4354)
365 ## - TRADE PRICE
Currency code Rs.
Price amount 120.00
500 ## - GENERAL NOTE
Keywords 75 E
700 ## - ADDED ENTRY--PERSONAL NAME
Personal name Ronayne J.
906 ## - LOCAL DATA ELEMENT F, LDF (RLIN)
d B:76313-Feb-1995
c ETC
b 18
Holdings
Withdrawn status Lost status Source of classification or shelving scheme Reference No Damaged status Not for loan Home library Current library Date acquired Vendor Budget Code Cost, normal purchase price Bill number Full call number Barcode Date last seen Discount Cost, replacement price Bill Date Koha item type Original Barcode
    Dewey Decimal Classification Ref 75 E (4354)   Reference Cummins College of Engineering for Women Pune Cummins College of Engineering for Women Pune 22/02/1995 Pradeep Book Distributors ETC 102.00 763 621.38 CCEP-BK-4354 18/07/2023 18 120.00 13/02/1995 Books 004354